Fifa 22 Top 100 La Liga Players - Statistics

General Stats
  • This quiz has been taken 402 times
  • The average score is 48 of 100
Answer Stats
Rating Club Nation Player % Correct
91 Atletico Madrid Slovenia Jan Oblak
98%
90 FC Barcelona Germany Marc-Andre Ter Stegen
98%
89 Real Madrid Belgium Thibaut Courtois
94%
88 Real Madrid Germany Toni Kroos
94%
87 FC Barcelona Netherlands Frenkie De Jong
93%
89 Real Madrid France Karim Benzema
93%
87 Real Madrid Croatia Luka Modric
93%
89 Real Madrid Brazil Casemiro
92%
88 Atletico Madrid Uruguay Luis Suarez
90%
85 Real Madrid Belgium Eden Hazard
79%
86 FC Barcelona Spain Jordi Alba
77%
86 FC Barcelona Spain Sergio Busquets
76%
84 FC Barcelona Spain Gerard Pique
75%
85 Atletico Madrid Spain Koke
75%
85 Atletico Madrid France Antoine Griezmann
74%
84 Real Madrid Austria David Alaba
73%
86 Villarreal CF Spain Gerard Moreno
73%
86 Villarreal CF Spain Daniel Parejo
71%
84 Atletico Madrid Uruguay Jose Maria Gimenez
71%
85 FC Barcelona Netherlands Memphis Depay
71%
80 Real Madrid Brazil Vinicius Junior
71%
85 Real Madrid Spain Daniel Carvajal
70%
83 Real Madrid Uruguay Federico Valverde
67%
84 RC Celta Spain Iago Aspas
67%
87 FC Barcelona Argentina Sergio Aguero
67%
81 FC Barcelona Spain Pedri
66%
82 Real Madrid Wales Gareth Bale
65%
85 Real Sociedad Spain Mikel Oyarzabal
65%
84 Atletico Madrid Belgium Yannick Carrasco
65%
84 Atletico Madrid Montenegro Stefan Savic
64%
83 Atletico Madrid Portugal Joao Felix
63%
84 Real Betis France Nabil Fekir
63%
82 Real Madrid Brazil Eder Militao
62%
84 Atletico Madrid England Kieran Trippier
62%
83 Real Madrid France Ferland Mendy
61%
86 Atletico Madrid Spain Marcos Llorente
60%
83 FC Barcelona France Ousmane Dembele
60%
83 Real Madrid Spain Marco Asensio
57%
85 Sevilla FC Argentina Alejandro Gomez
56%
82 Atletico Madrid Argentina Rodrigo De Paul
56%
83 Atletico Madrid France Thomas Lemar
54%
82 Real Madrid Spain Isco
53%
83 Atletico Madrid Argentina Angel Correa
52%
85 Real Sociedad Spain David Silva
51%
81 Athletic Bilbao Spain Inaki Williams
51%
83 Sevilla FC France Jules Kounde
51%
84 Sevilla FC Argentina Marcos Acuna
51%
82 Real Sociedad Sweden Alexander Isak
50%
82 Sevilla FC Croatia Ivan Rakitic
50%
81 Real Betis Portugal Rui Silva
50%
82 FC Barcelona France Clement Lenglet
49%
80 FC Barcelona France Samuel Umtiti
49%
83 Sevilla FC Argentina Lucas Ocampos
46%
82 Villarreal CF Spain Pau Torres
45%
84 Atletico Madrid Brazil Felipe
44%
83 Real Sociedad Spain Mikel Merino
43%
84 Sevilla FC Brazil Fernando
42%
82 Sevilla FC Morocco Yassine Bounou
42%
84 Sevilla FC Spain Jesus Navas
40%
82 Athletic Bilbao Spain Unai Simon
39%
81 Atletico Madrid Brazil Renan Lodi
38%
82 Sevilla FC Morocco Youssef En-Nesyri
37%
82 Sevilla FC Brazil Diego Carlos
36%
83 Athletic Bilbao Spain Iker Muniain
36%
81 Atletico Madrid Mexico Hector Herrera
35%
81 Real Madrid Spain Lucas Vazquez
35%
81 Athletic Bilbao Spain Inigo Martinez
32%
82 FC Barcelona Brazil Philippe Coutinho
32%
82 Villarreal CF Spain Raul Albiol
32%
81 Valencia CF Portugal Goncalo Guedes
31%
83 Valencia CF Spain Jose Gaya
31%
81 Getafe CF Togo Dakonam Djene
30%
82 FC Barcelona Brazil Norberto Neto
30%
81 FC Barcelona Spain Sergi Roberto
30%
82 Valencia CF Brazil Gabriel Paulista
29%
81 Real Madrid Spain Nacho Fernandez
29%
80 Athletic Bilbao Spain Raul Garcia
29%
83 Real Betis Spain Sergio Canales
28%
81 Valencia CF Netherlands Jasper Cillessen
26%
82 Atletico Madrid Spain Mario Hermoso
26%
81 Levante UD Spain Jose Morales
25%
83 Villarreal CF Spain Sergio Asenjo
25%
81 Real Sociedad Spain Alex Remiro
24%
80 Villarreal CF France Francis Coquelin
22%
81 Granada CF Venezuela Darwin Machis
20%
81 Valencia CF Spain Carlos Soler
19%
81 Sevilla FC Denmark Thomas Delaney
19%
82 Athletic Bilbao Spain Yuri Berchiche
19%
80 Real Betis Spain Borja Iglesias
17%
82 Sevilla FC Spain Suso
15%
82 Real Sociedad Spain Cristian Portu
14%
81 Real Betis Belgium Adnan Januzaj
13%
81 Levante UD Spain Aitor
13%
81 Real Betis Spain Joaquin
13%
81 Villarreal CF Spain Paco Alcacer
13%
81 Athletic Bilbao Spain Yeray
12%
81 Getafe CF Spain David Soria
11%
80 Real Sociedad Spain Nacho Monreal
9%
82 Levante UD Spain Jose Campana
8%
80 Levante UD Spain Roger
6%
No matching quizzes found
Score Distribution
Percent of People with Each Score
Percentile by Number Answered
Your Score History
You have not taken this quiz